000 00451nam a2200193Ia 4500
003 OSt
005 20250825092621.0
008 250729s2005 xx 000 0 und d
020 _a978-8176488198
040 _cAL
041 _aeng
082 _a574.07 SINT
100 _aSingh U K
_9222098
245 _aTeaching of zoology
260 _aNew Delhi
_bA P H Publishing
_c2005
300 _a317p
650 _aBiology
_9222099
942 _2ddc
_cBED
999 _c235302
_d235302